| 000 | 00418nam a2200157Ia 4500 | ||
|---|---|---|---|
| 008 | 210210b1994 xxu||||| |||| 00| 0 eng d | ||
| 020 | _a81 7033 223 9 | ||
| 082 | _a331.13 PEEH | ||
| 100 | _aPEER (Mohammed). | ||
| 245 | _aHigher education and employment. | ||
| 260 |
_aJaipur _bRawat Publications _c1994 |
||
| 300 | _a115 | ||
| 650 | _aEmployment & Higher Education | ||
| 690 | _aLabour Economics | ||
| 906 | _a048568 | ||
| 999 |
_c97694 _d97694 |
||